| 000 | 03741nkm0a2200529 4500 | ||
|---|---|---|---|
| 001 | RU\NLR\bibl\2086609 | ||
| 005 | 20250810065444.0 | ||
| 020 |
_aRU _b1127 _9ЛЕНИНГРАД В ВЕЛИКОЙ ОТЕЧЕСТВЕННОЙ ВОЙНЕ : Печать Ленинграда, 1941 - 1945 : каталог изданий, хранящихся в фондах Гос. Публ. б-ки, вып.2. Листовки, плакаты, открытки, альбомы / Гос. публ. б-ка им. М.Е. Салтыкова-Щедрина. - Ленинград, 1972 |
||
| 020 |
_aRU _b44-1783 (вып. 1944, N 1/2) _9Летопись изоизданий / ВКП. - Москва, 1944. - Вып. 1944, N 1/2 |
||
| 035 | _a(NLR Aleph) 010198278 | ||
| 071 | 5 | 0 | _d50 к. |
| 090 |
_a13291135 _c13291135 |
||
| 100 | _a20131210d1943 u y0rusy50 ca | ||
| 101 | 0 | _arus | |
| 102 | _aRU | ||
| 116 | _aiiyc||||||bi ae | ||
| 135 | _acrcn 024apaba | ||
| 200 | 1 |
_aЛенинград в дни Отечественной войны _bИзоматериал _eпочтовая карточка _fхуд.: Э.А. Будогоский |
|
| 210 |
_aЛенинград _cПол.-маст. ЛССХ _d1943 |
||
| 215 |
_a1 л. _cцв. литогр. _d14,5х10,4 |
||
| 300 | _aЦенз. разрешение: М923 | ||
| 321 | 1 |
_aСражающийся Ленинград. Почтовая открытка = Postcard. Leningrad in strugle : энциклопедический каталог / А.Д. Гдалин, М.Р. Иванова ; [Союз проф. литераторов России и др.]. - Санкт-Петербург : Инфо-Да, 2007. _c359 |
|
| 325 | 1 | _aЭлектронная копия доступна в Электронной библиотеке РНБ | |
| 327 | 0 | _aВид с Нарвского проспекта в Ленинграде на площадь Стачек, Дворец культуры им. М. Горького и Нарвские ворота | |
| 540 | 1 | _aВид с Нарвского проспекта в Ленинграде на площадь Стачек, Дворец культуры им. М. Горького и Нарвские ворота | |
| 540 | 1 | _aПлощадь Стачек (Ленинград) | |
| 540 | 1 | _aДворец культуры им. М. Горького (Ленинград) | |
| 540 | 1 | _aНарвские ворота (Ленинград) | |
| 606 | 1 |
_aБлокада Ленинграда _xИзображение на почтовых открытках маркированных художественных _z1941 - 1944 _z1941 - 1945 _92163746 _3RU\NLR\auth\6601539002 |
|
| 686 | _aЩ153(2Р=Рус)7-489 | ||
| 686 | _aЩ153(2Р=Рус)7-3 | ||
| 700 | 1 |
_4040 _aБудогоский _bЭ. А. _cхудожник _f1903-1976 _gЭдуард Анатольевич _9127671 _3RU\NLR\AUTH\770127696 |
|
| 801 | 0 |
_aRU _bNLR _c19720101 _gPSBO |
|
| 801 | 1 |
_aRU _bNLR _c20131210 _gRCR |
|
| 852 |
_aNLR _bЛ3-310о _j4/16 |
||
| 856 | 0 | _uhttp://vivaldi.nlr.ru/lo000070277/view | |
| 856 | 1 | _uhttp://vivaldi.nlr.ru/lo000070277/cover | |
| 856 | 2 | _uhttp://vivaldi.nlr.ru/lo000070277/text | |
| 901 | _eИзографические материалы | ||
| 942 | _cVISUAL | ||
| 945 | _aРоссийская национальная библиотека | ||
| 980 | _aBV | ||
| 980 | _aNB | ||
| 981 | 3 | 7 |
_a(37) Ленинград в Великой Отечественной войне _b(37) Открытки блокадного Ленинграда |
| 981 | 1 | 7 |
_a(17) Изографические материалы _b(17) Открытки |